000 00551nam a2200181 a 4500
005 20230601063654.0
008 030620s1975 mx r 000 0 spa d
035 _aUPN01000126417
049 _aSEP
050 4 _aAC75
_bS4 no.205
100 1 _aZavala Vallado, Silvio Arturo,
_d1909-
_929523
245 1 0 _aApuntes de historia nacional, 1808-1874 /
_cSilvio Zavala.
260 _aMéxico :
_bSEP,
_c1975.
300 _a214 p.
440 0 _aSepSetentas ;
_v205
651 4 _aMéxico
_xHistoria
_yGuerra de Independencia, 1810-1821
_915381
905 _aLibro
999 _c98596
_d98596